Score 0/25 Timer 03:00
0 Plays Today
Question Answer Wrong Answers
OGC Nice France
97.7%
Spain
0%
Portugal
0%
Andorra
0%
Crystal Palace England
97.7%
France
0%
Finland
0%
Mata
0%
River Plate Argentina
96.5%
Uruguay
0%
Paraguay
0%
Brazil
1.2%
Rangers Scotland
95.3%
Ireland
1.2%
England
0%
Northern Ireland
2.3%
Genk Belgium
95.3%
Panama
0%
Netherlands
1.2%
Denmark
0%
Gent Belgium
94.2%
France
1.2%
Austria
2.3%
Liechtenstein
0%
Hapoel Tel Aviv Israel
94.2%
Portugal
1.2%
Syria
0%
Jordan
1.2%
FC Cincinnati USA
91.9%
Spain
0%
Canada
3.5%
Mexico
3.5%
Gamba Osaka Japan
90.7%
South Korea
3.5%
Philippines
0%
Vietnam
2.3%
Guadalajara Mexico
86%
Portugal
0%
Spain
0%
Nicaragua
10.5%
Wydad Casabanca Morocco
84.9%
Spain
4.7%
Algeria
2.3%
Tunisia
4.7%
Cardiff City Wales
81.4%
England
15.1%
Scotland
1.2%
Luxembourg
0%
Aris Limassol Cyprus
80.2%
Greece
5.8%
Turkey
3.5%
Bulgaria
5.8%
Qarabag Azerbaijan
79.1%
Armenia
8.1%
Georgia
4.7%
Hungary
4.7%
Al Hilal Saudi Arabia
70.9%
Egypt
12.8%
Slovakia
0%
Qatar
14%
Wellington Phoenix New Zealand
67.4%
Australia
18.6%
England
0%
USA
12.8%
Olimpija Slovenia
66.3%
Slovakia
14%
Croatia
4.7%
Cyprus
11.6%
Kerala Blasters India
65.1%
Bangladesh
10.5%
Iran
9.3%
Fiji
10.5%
Stabæk Norway
62.8%
Sweden
3.5%
Denmark
15.1%
Iceland
15.1%
Sporting Clube de Goa India
57%
Russia
1.2%
Maldives
12.8%
Portugal
25.6%
Desportivo Das Aves Portugal
54.7%
Timor Leste
9.3%
Angola
16.3%
Brazil
16.3%
Lokomotiv Plovdiv Bulgaria
53.5%
Montenegro
7%
Romania
5.8%
Ukraine
30.2%
Persib Bandung Indonesia
40.7%
Malaysia
29.1%
Japan
2.3%
Cambodia
22.1%
Bashundhara Kings Bangladesh
37.2%
India
24.4%
Bhutan
10.5%
Sri Lanka
24.4%
Mochudi Centre Chiefs Botswana
19.8%
Kenya
15.1%
South Africa
46.5%
Uganda
15.1%
Come Together.
Have Fun.
All Virtual.
We all need to come together. Play Sporcle's virtual live trivia to have fun, connect with people, and get your trivia on. Join a live hosted trivia game for your favorite pub trivia experience done virtually. If a virtual private party is more your thing, go here for details.

You're not logged in!

Compare scores with friends on all Sporcle quizzes.
OR
Log In

Sporcle TV

Today on Sporcle TV


Watch our educational content, quiz creation guides, and fun videos on Sporcle TV.

Show Comments

Extras

Top Quizzes Today


Score Distribution

Paid Content

Your Account Isn't Verified!

In order to create a playlist on Sporcle, you need to verify the email address you used during registration. Go to your Sporcle Settings to finish the process.

Report this User

Report this user for behavior that violates our Community Guidelines.

Details: